Discourse analysis for language teachers
Includes bibliographical references (p. 193-205) and index
Đã lưu trong:
| Príomhúdar: | |
|---|---|
| Formáid: | Leabhar |
| Teanga: | Undetermined |
| Foilsithe: |
New York
Cambridge University Press
2014
|
| Ábhair: | |
| Rochtain Ar Líne: | http://lrc.tdmu.edu.vn/opac/search/detail.asp?aID=2&ID=24680 |
| Clibeanna: |
Cuir Clib Leis
Gan Chlibeanna, Bí ar an gcéad duine leis an taifead seo a chlibeáil!
|
| Thư viện lưu trữ: | Trung tâm Học liệu Trường Đại học Thủ Dầu Một |
|---|
| LEADER | 00773nam a2200205Ia 4500 | ||
|---|---|---|---|
| 001 | TDMU_24680 | ||
| 008 | 210410s9999 xx 000 0 und d | ||
| 082 | |a 401.41 | ||
| 090 | |b MC109 | ||
| 100 | |a McCarthy, Michael | ||
| 245 | 0 | |a Discourse analysis for language teachers | |
| 245 | 0 | |c Michael McCarthy | |
| 260 | |a New York | ||
| 260 | |b Cambridge University Press | ||
| 260 | |c 2014 | ||
| 300 | |a x, 213 p. | ||
| 520 | |a Includes bibliographical references (p. 193-205) and index | ||
| 650 | |a Discourse analysis; Language and languages |x Study and teaching; Phân tích diễn ngôn; Ngôn ngữ |x Học và dạy | ||
| 856 | |u http://lrc.tdmu.edu.vn/opac/search/detail.asp?aID=2&ID=24680 | ||
| 980 | |a Trung tâm Học liệu Trường Đại học Thủ Dầu Một | ||